[Event "Vojvodina-chT 2nd League"]
[Site "Stari Banovci"]
[Date "2013.11.09"]
[Round "9"]
[White "Jacimovic, Zoran"]
[Black "Sevo, Dusan"]
[Result "1/2-1/2"]
[WhiteElo "2169"]
[BlackElo "2238"]
[PlyCount "24"]
[EventDate "2013.11.03"]
[EventType "team-tourn"]
[EventRounds "11"]
[EventCountry "SRB"]
[SourceTitle "EXT 2015"]
[Source "ChessBase"]
[SourceDate "2014.11.20"]
[SourceVersion "1"]
[SourceVersionDate "2014.11.20"]
[SourceQuality "1"]

1. e4 g6 2. d4 Bg7 3. Nc3 d6 4. Be3 a6 5. Qd2 b5 6. h4 h6 7. 0-0-0 Bb7 8. h5 g5 9. f4 gxf4 10. Bxf4 Nd7 11. Nf3 c5 12. Nd5 Ngf6 1/2-1/2

[Event "Vojvodina-chT 2nd League"]
[Site "Stari Banovci"]
[Date "2013.11.05"]
[Round "3"]
[White "Jacimovic, Zoran"]
[Black "Jovic, Stevan"]
[Result "0-1"]
[WhiteElo "2169"]
[BlackElo "2244"]
[PlyCount "68"]
[EventDate "2013.11.03"]
[EventType "team-tourn"]
[EventRounds "11"]
[EventCountry "SRB"]
[SourceTitle "EXT 2015"]
[Source "ChessBase"]
[SourceDate "2014.11.20"]
[SourceVersion "1"]
[SourceVersionDate "2014.11.20"]
[SourceQuality "1"]

1. e4 c6 2. d4 d5 3. e5 Bf5 4. Nf3 e6 5. Be2 Nd7 6. 0-0 Ne7 7. b3 c5 8. Bb2 Nc6 9. c4 dxc4 10. Bxc4 cxd4 11. Nxd4 Nxd4 12. Bxd4 Be7 13. Nc3 a6 14. a4 0-0 15. Qf3 Nb6 16. Ne2 Nxc4 17. bxc4 Qc7 18. c5 Rfd8 19. Rfc1 Rd5 20. Qe3 Rad8 21. c6 Qc8 22. c7 R8d7 23. Qc3 Bc5 24. Bxc5 Rxc7 25. Qe3 Rdxc5 26. Rxc5 Rxc5 27. h3 h6 28. f4 Rc2 29. Nd4 Rc3 30. Nxf5 exf5 31. Qd4 b5 32. axb5 axb5 33. Qd5 Rc1+ 34. Rxc1 Qxc1+ 0-1

[Event "SRB-chT2 Vojvodina League"]
[Site "Kac"]
[Date "2012.10.16"]
[Round "4"]
[White "Jacimovic, Zoran"]
[Black "Kovacevic, Dragisa"]
[Result "1-0"]
[WhiteElo "2168"]
[BlackElo "2236"]
[PlyCount "87"]
[EventDate "2012.10.14"]
[EventType "team-swiss"]
[EventRounds "11"]
[EventCountry "SRB"]
[SourceTitle "EXT 2015"]
[Source "ChessBase"]
[SourceDate "2014.11.20"]
[SourceVersion "1"]
[SourceVersionDate "2014.11.20"]
[SourceQuality "1"]

1. e4 c5 2. Nf3 a6 3. c4 e6 4. Nc3 b6 5. d4 cxd4 6. Nxd4 g6 7. Be3 Bg7 8. Qd2 Bb7 9. Be2 h6 10. 0-0 Ne7 11. f4 Nc8 12. f5 e5 13. Nc2 g5 14. Bh5 Bf6 15. Nd5 d6 16. b4 Nd7 17. a4 a5 18. b5 Ne7 19. Na3 Bxd5 20. cxd5 Rc8 21. Rac1 Rxc1 22. Rxc1 Nc5 23. Bxc5 dxc5 24. d6 Nc8 25. Rd1 Qd7 26. Qd5 0-0 27. Nc4 Rd8 28. Qc6 Kf8 29. Kf2 Kg7 30. Qd5 Kg8 31. g3 Rf8 32. h3 Rd8 33. Qc6 Kf8 34. Qd5 Kg8 35. Kf3 Rf8 36. Rd3 Rd8 37. Rd1 Rf8 38. Nxe5 Bxe5 39. Qxe5 Qd8 40. d7 Ne7 41. Qf6 c4 42. h4 Nc8 43. hxg5 c3 44. Bxf7+ 1-0